00338 a2200145 4500003000400000005001700004008004100021040000900062082002000071100001500091245003500106250001200141260002900153300001000182OSt20240212123043.0240212b |||||||| |||| 00| 0 eng d coclc a894.8123bZAI/P aZain, Arif aPoraliyude Makan /cArif, Zain a1st ed. aKozhikkode:bKNM,c2021. a260p.